[Event "Linares 13th"]
[Site "Linares"]
[Date "1995.03.10"]
[Round "8"]
[White "Lautier, Joel"]
[Black "Karpov, Anatoly"]
[Result "0-1"]
[WhiteElo "2655"]
[BlackElo "2780"]
[Annotator "Dautov,Rustem"]
[PlyCount "80"]
[EventDate "1995.03.01"]
[EventType "tourn"]
[EventRounds "13"]
[EventCountry "ESP"]
[EventCategory "17"]
[SourceTitle "CBM 046"]
[Source "ChessBase"]
[SourceDate "1995.06.01"]
[SourceVersion "1"]
[SourceVersionDate "1995.06.01"]
[SourceQuality "1"]

1. d4 {Ftacnik,Lubomir Sumets,Andrey Konikowski Ftacnik Notkin} Nf6 2. c4 e6 3. Nc3 Bb4 4. Qc2 O-O 5. a3 Bxc3+ 6. Qxc3 b6 ({RR} 6... d5 7. Nf3 dxc4 8. Qxc4 b6 9. Bg5 Ba6 10. Qc3 h6 11. Bxf6 Qxf6 12. g3 Bb7 13. Bg2 Na6 ({RR} 13... c5 14. O-O Nd7) 14. O-O c5 15. Rac1 Rac8 16. Ne5 cxd4 17. Qxd4 Bxg2 18. Kxg2 Nc5 19. b4 Nb3 20. Rxc8 Rxc8 21. Qd7) ({RR} 6... b5 7. cxb5 c6 8. Bg5 cxb5 9. e3 Bb7 10. Nf3 h6 11. Bh4 g5 ({RR} 11... a6 12. Bd3 d6 13. O-O Nbd7 14. Rfc1 Qb6 15. Qc7 Rfc8 16. Qxb6 Nxb6 17. Bg3 Rxc1+ 18. Rxc1 Rc8 19. Rxc8+ Nxc8 20. h3 Ne4 21. Bh2 Kf8) 12. Bg3 Ne4 13. Qd3 ({RR} 13. Qc2 Na6 14. b4 Rc8 15. Qb2 Nc7 ({RR} 15... h5 16. h4 g4 17. Ne5 d6 18. Nd3 Nxg3 19. fxg3 Nc7) 16. Bd3 f5 17. O-O d6 18. Nd2 h5 ({RR} 18... Nxg3 19. hxg3 Qe7) 19. Bxe4 fxe4 20. h3 h4 21. Bh2 Qd7 22. Rac1 Na8 23. Qb1 d5 24. f3) 13... a6 14. Nd2 f5 15. Rc1 Nxg3 16. hxg3 Kg7 17. Qc3 Qc8 18. Qxc8 Rxc8 19. Rxc8 Bxc8 20. Bd3 Ra7 21. f4) 7. Bg5 Bb7 8. e3 d6 9. f3 ({RR} 9. Ne2 Nbd7 10. Qc2 h6 ({RR} 10... c5 11. Nc3) 11. Bh4 c5 12. Rd1 ({RR} 12. dxc5) 12... cxd4 13. Rxd4 Qc7 14. Nc3 d5 15. cxd5 Nxd5 16. Rc4 Qb8 17. Be2 Nxc3 18. Qxc3 Bd5 19. Bg3 e5 20. Rc7 Rc8 21. Rxc8+ Qxc8 22. O-O Qxc3 23. bxc3 Rc8) 9... Nbd7 10. Bd3 c5 ({RR} 10... Rc8 11. Rc1 c5 12. Ne2 h6 13. Bh4 cxd4 14. Qxd4 d5 15. cxd5 Rxc1+ 16. Nxc1 Qc8 17. O-O Nxd5 18. e4 ({RR} 18. Nb3 e5 ({RR} 18... Ba6 19. Rc1 Qb7 20. Be4) 19. Qa4 Nxe3 20. Rc1 Nc5 21. Nxc5 bxc5 22. Be7) 18... e5 19. Qf2 Nf4 20. Rd1 Nc5 21. Bf1 Ba6) 11. Ne2 Rc8 12. Qb3 $6 (12. Qd2) (12. b4) 12... h6 (12... cxd4 {Notkin} 13. exd4 e5 14. Bf5 Rc7 15. Qb4 $1 h6 16. Bh4 d5 17. cxd5 Bxd5 18. O-O $14 {Ftacnik} exd4 19. Nxd4 Rc4 20. Qd2 Nc5 21. Rad1 Nb3 22. Qf2 Nxd4 23. Rxd4 Rxd4 24. Qxd4 $14 {Drasko,M-Tozer,R/Budapest Spring op (2)/1990/1-0 (52)}) 13. Bh4 cxd4 (13... d5 14. cxd5 Bxd5 ({RR} 14... cxd4 15. exd4 ({RR} 15. Nxd4 Nc5 16. Qd1 Qxd5 17. Bxf6 gxf6) 15... Bxd5 16. Qa4 Bc6 17. Qd1 b5 18. O-O Qb6) 15. Qd1 (15. Qa4 cxd4 (15... Bc6 {Ftacnik} 16. Qd1 b5 17. O-O Qb6 18. Rc1 Bb7 19. Bb1 cxd4 20. Qxd4 Qxd4 21. Nxd4 a6 {Hoffmann,M-De Firmian,N/Biel op (08)/1994/0.5 (22)}) 16. exd4 Bc6 $10 (16... Bc6 {Notkin} 17. Qd1 b5 (17... Qc7 18. O-O Qb7 19. Re1 Nd5 $10 {Agdestein,S-Hjartarson,J/Groningen/1993/0,5/73/}) 18. O-O Qb6 19. Bf2 Qb7 20. Ng3 Nb6 $10 {Sokolov,I-Adams,M/Preston/1989/0,5/27/})) 15... cxd4 16. Nxd4 Bc4 17. O-O a6 $6 (17... Qe7 $5 {Sokolov,I/}) ({RR} 17... a6 18. Rc1 b5 19. Bxc4 Rxc4 20. Rxc4 bxc4 21. Qa4 Qb6 22. Qxc4 Qxb2 23. Qxa6 Nd5 24. Bf2 Nc5 25. Qd6 Nd3 26. Nxe6 fxe6 27. Qxe6+ Kh8 28. Qxd5 Nxf2 29. Qc5 ({RR} 29. Qe6 Nd3 30. Qd6 Ra8 31. Qxd3 Rxa3 32. Qd8+ Kh7 33. Re1 Ra2 34. Qd3+ Kh8 35. Qf1) 29... Nh3+ 30. Kh1 ({RR} 30. gxh3 Rf6 31. Qh5 Qe2) 30... Nf2+ 31. Kg1 Nh3+ 32. Kh1) 18. Rc1 b5 $6 19. Bxc4 Rxc4 20. Rxc4 bxc4 21. Qa4 $16 {Sokolov,I-Georgiev,Ki/Burgas 1992}) ({RR} 13... d5 14. cxd5 Bxd5 15. Qd1 cxd4 16. Nxd4 Bc4 17. O-O Bxd3 18. Qxd3 Ne5 19. Qe2 Ng6 20. Bf2 ({RR} 20. Bg3 Nd5 21. Rad1 Qe7 22. Qd2 Rfd8 23. e4 ({RR} 23. Rc1 Qb7 24. Rxc8 Rxc8 25. Rd1 a6 26. e4) 23... Nf6 24. Bf2 Qd7 25. Be3 Qa4) 20... e5 21. Nb5 Qe7 22. Rfd1 Rfd8 23. Be1 ({RR} 23. Rxd8+ Rxd8 24. Rc1 a6 25. Rc7 ({RR} 25. Nc3 e4 26. Rd1 Rxd1+ 27. Qxd1 exf3 28. gxf3 Ne5) 25... Qe6 26. Nc3 b5 27. e4 Nf4 28. Qc2 Qd6 29. Ra7 Qd2) 23... Nd5 24. Nc3 ({RR} 24. e4 Ngf4 25. Qf2 Ne3 26. Rxd8+ Rxd8 27. Qxe3 Qg5) 24... Nxc3 25. Bxc3 Rxd1+ ({RR} 25... e4 26. f4 ({RR} 26. Rxd8+ Rxd8 27. Rd1) 26... Qe6 27. Kf2 Ne7) 26. Rxd1 Rd8 27. Rd2 Rd7 ({RR} 27... Rxd2 28. Qxd2 Qg5 ({RR} 28... e4 29. Qd4 f6 30. Qd5+ Kh7 31. f4) 29. a4 Qf5 30. Kf2 f6) 28. Qd1 {Nakamura,H (2789)-Naiditsch,A (2718) Wijk aan Zee 2014 CBM 159 [Sumets,Andrey] 1-0 (65)}) ({RR} 13... d5 14. cxd5 Bxd5 15. Qa4 a6 16. O-O Bb7 17. Rac1 b5 18. Qd1 Qe7 19. dxc5 Nxc5 20. b4 Ncd7 21. e4 Rxc1 22. Qxc1 Rc8 23. Qa1 Qd6 24. Rd1 e5 25. Bf2 Qe6 26. a4 Bc6 27. Nc3 Rb8 28. axb5 {Runets,I (2239)-Chylewski,P (2376) Pardubice 2019 1-0 (41)}) ({RR} 13... Ba6 14. Qa4) 14. exd4 d5 15. c5 $146 {N} (15. O-O $142 $1 dxc4 (15... Ba6 16. cxd5 Bxd3 17. Qxd3 exd5 18. Nc3 $14) (15... dxc4 $5 16. Bxc4 Qc7 17. Rac1 Qb8 18. Bg3 Qa8 19. Nc3 $13) 16. Bxc4 Nb8 (16... a6 {Notkin} 17. a4 Qe7 18. Rac1 Bd5 19. Bxd5 exd5 20. Qd3 $14 {Abramov,S-Appolonov,S/Podolsk/1993/0,5/43/}) (16... g5 $5 {d5 Sakaev/}) 17. Qd3 Bd5 $2 18. Bxd5 Qxd5 19. Bxf6 gxf6 20. Nc3 Qc4 21. Qe3 Kg7 22. Rad1 $16 {Polgar,Zs-Ioseliani,N/Monaco (m/3) 1993} {RR} Nc6 23. d5) (15. cxd5 {Ftacnik} Bxd5) ({RR} 15. O-O dxc4 16. Bxc4 Nb8 17. Rac1 Qe7 18. Rfd1 Rfd8 19. Qe3 Nc6 20. Nc3 Nd5 21. Qf2 g5 22. Bxd5 exd5 23. Bg3 Na5 24. Re1 Qd7 25. f4 f6 26. fxg5 fxg5 27. Re3 Nc4 28. Rf3 Rf8 29. Re1 Rxf3 {Hoang,T (2350)-Held,M (2315) Budapest 1997 1-0 (36)}) ({RR} 15. O-O dxc4 16. Bxc4 Nb8 17. Qd3 Bd5 18. Bxd5 Qxd5 19. Bxf6 gxf6 20. Nc3 Qc4 21. Qe3 Kg7 22. Rad1 Nd7 23. Kh1 ({RR} 23. d5 Qc5) 23... f5 24. d5 Rfe8 25. dxe6 Rxe6 26. Qf2 Ne5 27. Qd2 ({RR} 27. Ne2 Nxf3 28. Ng3) 27... Rcc6 28. Qc2 Rcd6 29. h3 ({RR} 29. Qxf5 Rxd1 30. Rxd1 Nd3) 29... Qf4 {Polgar,Z (2560)-Ioseliani,N (2460) Monte Carlo 1993 CBM 034 [Ftacnik,Lubomir] ½-½ (61)}) 15... Ba8 (15... e5 $6 {Notkin} 16. cxb6 $14) 16. Ba6 Rc7 17. Bg3 (17. cxb6 Rc6 $1 $15 (17... Nxb6 {Notkin} 18. Bg3 Rc6 (18... Re7 $13) 19. Bb5 Rc8 $10 (19... Rc8 {Konikowski} 20. Ba6 $10)) (17... axb6 {Ftacnik} 18. Bg3 Ra7 19. Bb5)) 17... bxc5 $1 (17... Rc6 18. Bb5 Rc8 19. Ba6) 18. Bxc7 Qxc7 19. Qc3 (19. O-O $2 Rb8 (19... c4 {Notkin} 20. Qa4 $8 Bc6 21. Bb5 Bxb5 22. Qxb5 Rb8 23. Qa4 Rxb2 {e5/}) 20. Qc3 Qb6 $17) (19. Bb5 $6 {Notkin} Qa5+) (19. dxc5 $2 {Ftacnik} Qa5+ $19) 19... e5 20. Bd3 (20. dxe5 $2 d4 (20... Nxe5 {Ftacnik} 21. O-O Re8 $44) 21. Qd2 (21. Nxd4 $2 Nd5 $19) 21... Nxe5 22. O-O Qb6 $17 (22... Qb6 {Konikowski} 23. f4 Ne4 24. Qd1 d3 25. fxe5 c4+ 26. Kh1 dxe2 27. Qxe2 Qxa6 $19)) (20. dxc5 d4 21. Qd2 (21. Qc4 {Ftacnik} Bd5 22. Qa4 Nxc5 23. Rc1 Qb6 $17) 21... Nxc5 22. Rc1 Qb6 23. Bc4 Nd5 (23... Nb3 $5 24. Bxb3 Qxb3 25. O-O Nd5 $44) (23... Rd8 $17 {Notkin}) (23... d3 {Konikowski} 24. b4 (24. Ng3 $5) 24... Nce4 $1 25. fxe4 Nxe4 26. Qxd3 Qf2+ 27. Kd1 Qxg2 28. Bxf7+ Kh8 29. Kc2 Ng3 $1 30. hxg3 Be4 31. Bh5 Bxd3+ 32. Kxd3 g6 33. Bg4 (33. Bxg6 Qf3+ $19) 33... h5 $17 {Gavrikov}) (23... Rd8 $5) 24. b4 Ne6 25. Bxd5 Bxd5 $44 {} 26. O-O $2 d3+ 27. Rf2 dxe2 28. Qxd5 Rd8 $19) (20. O-O {Notkin} exd4 21. Nxd4 Qb6 $19) 20... exd4 21. Nxd4 Re8+ 22. Kf1 (22. Ne2 $2 d4 23. Qd2 c4 (23... Ne5 {Notkin} 24. O-O c4 $17) 24. Rc1 Ne5 $19) 22... Qb6 23. Nf5 d4 $17 24. Qd2 Ne5 25. Re1 Re6 $1 {xd3} (25... Nxd3 $2 26. Rxe8+ Nxe8 27. Qxd3 Qxb2 28. Qe2 $13) (25... c4 26. Bc2 d3 27. Ba4 Re6 28. Qb4 $13) 26. Bb1 (26. Be4 {Ftacnik} Nxe4 27. fxe4 Nc4 28. Qc2 Nxb2 29. Nxd4 cxd4 30. Qc8+ Kh7 31. Qxa8 Rf6+ $19) (26. Be2 {Ftacnik} Bb7 27. Rd1 d3 $1 $19) (26. Kf2 $2 {Konikowski} Qxb2 $1 27. Qxb2 Nxd3+ $19) 26... Bb7 (26... Nc4 27. Qc1 Rxe1+ 28. Kxe1 Qxb2 (28... Nxb2 29. Nxd4 $15) 29. Qxb2 Nxb2 30. Ba2 $132) 27. Kf2 (27. Ba2 {Notkin} Ba6+ 28. Kg1 c4 29. Nxd4 (29. Qxd4 Nxf3+ 30. gxf3 Rxe1+ 31. Kg2 Re2+ $19) 29... Rd6 (29... Nc6 {Ftacnik} 30. Rxe6 fxe6 $19) 30. Rxe5 Rxd4 31. Qe3 Rd1+ $19) (27. Ba2 $142 {Konikowski}) 27... d3 28. Rhf1 (28. h3 {Notkin} c4+ 29. Ne3 Nd5 30. Kg3 Qd6 $17) (28. Kf1 {Ftacnik} c4 29. Ba2 Bxf3 30. gxf3 Nxf3 $19) 28... c4+ 29. Kg3 (29. Ne3 $2 Neg4+ 30. fxg4 Nxg4+ $19 (30... Nxg4+ $1 {Notkin} 31. Kg1 Nxe3 32. Rf2 Ng4 $19) (30... Ne4+ $19 {Ftacnik})) (29. Re3 {Ftacnik} Neg4+ $19) 29... Nh5+ 30. Kh3 (30. Kh4 {Ftacnik} Qd8+ 31. Kxh5 g6+ 32. Kxh6 Qf6 $1 33. Ne7+ (33. Rxe5 {Konikowski} gxf5+ 34. Kh5 Qh8+ 35. Kg5 Qxe5 36. Kh4 Qxh2+ 37. Kg5 Rg6+ 38. Kxf5 Qh5+ 39. Kf4 Qg5#) 33... Rxe7 34. g3 g5+ 35. Kh5 Qg6#) 30... Ng6 $1 31. g3 (31. Rxe6 {Ftacnik} Qxe6 32. Qa5 Ngf4+ 33. Kh4 Qf6+ 34. Kg4 Qg5#) 31... Bc8 32. Re4 $8 (32. Kg2 {Ftacnik} Rxe1 33. Rxe1 Bxf5 34. g4 Nh4+ $19) 32... Qc5 (32... Re5 $5 33. Rxe5 Nxe5 34. g4 Bxf5 35. gxf5 Qf6 $17) 33. g4 (33. Rxe6 {Ftacnik} Qxf5+ 34. g4 Ngf4+ 35. Kh4 Qg5#) 33... Ngf4+ $1 34. Rxf4 (34. Kh4 {Ftacnik} g5#) 34... Re2 35. Qc1 (35. Rxc4 {Ftacnik} Qxc4 36. Bxd3 Qxd3 37. Qxd3 Nf4+ 38. Kg3 Nxd3 $19) 35... Nxf4+ 36. Qxf4 Bxf5 37. gxf5 (37. Qxf5 {Notkin} Qc7 38. f4 (38. Rh1 {Ftacnik} Re5 39. Qf4 (39. Bxd3 {Konikowski} Rxf5 40. Bxf5 Qb7 41. Be4 Qxb2 42. Rb1 Qe5 43. Rb7 a5 $19) 39... Rh5+ 40. Kg3 Rh3+ 41. Kxh3 Qxf4 $19) 38... Qc6 $19 (38... Qb7 $19)) 37... Rxb2 38. Re1 $2 (38. f6 $2 Qh5+ $19) (38. Qg4 Qe5 39. Rh1 Qe2 40. f6 g6 $19 {c3}) (38. Qe4 $32 {Notkin}) 38... Qf2 39. Qg3 (39. Rd1 {Ftacnik} Qg2+ 40. Kh4 Qe2 41. Rg1 Qxh2+ 42. Qxh2 Rxh2+ 43. Kg3 Rd2 44. Rc1 Rb2 45. Kf4 d2 46. Rd1 c3 $19) 39... Qxg3+ 40. hxg3 (40. Kxg3 {Konikowski} Rxb1 $1 41. Rxb1 c3 $19) 40... Rxb1 $1 (40... Rxb1 41. Rxb1 c3 $19 (41... c3 {Ftacnik} 42. Rb8+ Kh7 43. Rd8 c2 $19)) 0-1

[Event "Bundesliga 1617"]
[Site "Germany"]
[Date "2017.04.30"]
[Round "14.1"]
[White "Laznicka, Viktor"]
[Black "Karpov, Anatoly"]
[Result "1/2-1/2"]
[WhiteElo "2651"]
[BlackElo "2628"]
[PlyCount "105"]
[EventDate "2016.10.15"]
[EventType "team-tourn"]
[EventRounds "15"]
[EventCountry "GER"]
[SourceTitle "CBM 178"]
[Source "ChessBase"]
[SourceDate "2017.05.14"]
[SourceVersion "1"]
[SourceVersionDate "2017.05.14"]
[SourceQuality "1"]
[WhiteTeam "Schwaebisch Hall"]
[BlackTeam "Hockenheim"]
[WhiteTeamCountry "GER"]
[BlackTeamCountry "GER"]

1. d4 {Krasenkow,Michal} Nf6 2. c4 e6 3. Nc3 Bb4 4. Qc2 O-O 5. a3 Bxc3+ 6. Qxc3 b6 7. Bg5 Bb7 8. e3 d6 9. Ne2 Nbd7 10. Qc2 c5 11. Rd1 Qc7 ({RR} 11... Qe7) ({RR} 11... cxd4) 12. Nc3 cxd4 ({RR} 12... a6 13. d5 ({RR} 13. Be2 h6 14. Bh4 ({RR} 14. Bxf6) 14... Bxg2 15. Rg1 Bb7 16. d5 Rfe8 17. Ne4 Nxe4 18. Qxe4 exd5 19. Qg4 g6 20. cxd5 Kg7 21. Bd3 Ne5) 13... exd5 14. cxd5 b5 15. Bd3 b4 16. axb4 cxb4 17. Ne2 ({RR} 17. Ne4) 17... Qxc2 18. Bxc2 Bxd5 19. O-O ({RR} 19. Bf5) ({RR} 19. f3) 19... Rfc8 20. Nd4 a5 21. Bf5 Rc5 22. Bxd7 Nxd7 23. Be7 Ra6 24. Rfe1 Be4 25. f3 Bg6) ({RR} 12... h6 13. Bf4 e5 14. Nb5 Qb8 15. dxe5 dxe5 16. Bg3 a6 17. Nc3 Rd8 18. f3 Qc7 19. Bd3 Nf8 20. O-O Qe7 21. Ne4 Nh5 22. Bf2 g6 23. Qb3 Rab8 24. Nc3 Nf6 25. Bh4 g5 26. Bg3 Bc6 27. Bf5 {Yang,K (2096)-Mendez Fortes,E (2231) chess.com INT 2023 0-1 (51)}) 13. Rxd4 d5 ({RR} 13... a6 14. Be2 ({RR} 14. Qd1 d5 15. cxd5 Nxd5 16. Nxd5 Bxd5 17. e4 Bc6 18. Be7 Rfc8 19. Bd6 Qb7 20. f3 e5 21. Rd2 b5 22. Qe2 a5 23. Qe3 b4 24. Be2 Bb5) 14... h6 15. Bh4 Bxg2 ({RR} 15... d5 16. cxd5 Nxd5 17. Rc4 Qb8 18. Bg3 Qd8 19. O-O b5 20. Rd4 Rc8 21. Qd1 Qb6 22. Ne4 Ba8 23. Nd6 Rcd8 24. e4 N5f6 25. e5 ({RR} 25. b4) 25... Nd5 26. Qd2 f5) 16. Rg1 Bh3 ({RR} 16... Bb7 17. Qd2 d5 18. Bg3 Qc5 19. cxd5 exd5 20. Rh4) 17. Ne4 Nxe4 18. Qxe4 Bf5 ({RR} 18... Ne5 19. Bf6 Ng6 20. Qf3 e5 ({RR} 20... gxf6 21. Rh4) ({RR} 20... Bf5 21. e4) 21. Rh4 Bd7 22. Qh5) 19. Qg2 Bg6 ({RR} 19... g5 20. Bxg5 hxg5 21. Qxg5+ Bg6 22. Qh6) 20. Be7 d5 ({RR} 20... Rfe8 21. Bxd6 Qd8 22. Bd3) 21. Bxf8 Nxf8 22. h4 Qe5 23. Qg3 ({RR} 23. h5 Be4 24. f3 Bc2 25. cxd5 exd5 26. f4 Qf6 27. Qxd5) 23... Qf6 ({RR} 23... Qxg3 24. Rxg3 dxc4 25. Rxc4) 24. h5 Bf5 25. Qc7 ({RR} 25. cxd5 exd5 26. Qf3) 25... b5 ({RR} 25... dxc4 26. Bxc4 b5) 26. Qc6 Rd8 27. cxd5 Kh7 28. Qxa6 {Morozevich,A (2755)-Beliavsky,A (2646) Heraklion 2007 CBM 121 [Krasenkow,Michal] 1-0 (35)}) 14. cxd5 Bxd5 ({RR} 14... Nxd5 15. Bd3 h6 16. Nxd5 Qxc2 17. Ne7+ Kh8 18. Bxc2 Ne5 19. Rh4 Nd7 20. O-O f6 21. Bxh6) 15. e4 $146 ({RR} 15. Bd3 Rfc8 16. O-O h6 17. Bh4 e5 18. Ra4 Bc6 19. Rc4 Qb7 20. Rc1 Bxg2 21. Nb5 Rxc4 22. Bxc4 Be4 23. Nd6 Bxc2 24. Nxb7 Be4 25. Nd6 Bd5 26. Bb5 Nc5 27. Bxf6 gxf6 28. b4 Ne6 29. Rc8+ Nd8 {Beliavsky,A (2646)-Dzagnidze,N (2518) Gibraltar 2009 1-0 (63)}) ({RR} 15. Qd1 Bc6 16. f3 Nd5 17. Nxd5 Bxd5 18. e4 Bc6 19. Be7 Rfe8 20. Bd6 Qb7 21. Be2 a5 22. O-O a4 23. Qd2 Nc5 24. Qb4 Nb3 25. Rdd1 Rec8 26. Be5 Be8 27. Bc3 Rd8 28. Rd6 Rxd6 29. Qxd6 Qc6 {Delgado Ramos,H (2453)-Gutierrez Delgado,Y (2342) Varadero 2016 0-1 (45)}) 15... Bb7 16. Be2 Rac8 17. O-O e5 18. Rc4 Qb8 19. Rd1 Ba6 20. Rxc8 Qxc8 21. Bxa6 Qxa6 22. Nd5 h6 23. Bxf6 Nxf6 24. Nxf6+ gxf6 25. Rd6 Qc8 26. Qd1 Kg7 27. g3 Rh8 28. Qf3 Qc1+ 29. Kg2 Qg5 30. h4 Qg6 31. Rd7 Ra8 32. b4 h5 33. Qd3 a6 34. Rc7 b5 35. Qd5 Rf8 36. Rc6 Rd8 37. Rd6 Rxd6 38. Qxd6 Qxe4+ 39. Kg1 Qe1+ 40. Kg2 Qe4+ 41. Kg1 a5 42. bxa5 Qe1+ 43. Kg2 Qxa5 44. Qc5 Qa8+ 45. Kg1 Qa4 46. Kg2 Qe4+ 47. Kg1 Qd3 48. Kg2 Qd7 49. Kg1 Qe8 50. Qd5 f5 51. Kg2 f6 52. Kf1 Kg6 53. Kg2 1/2-1/2

[Event "Baden-Baden"]
[Site "Baden-Baden"]
[Date "1992.12.14"]
[Round "9"]
[White "Lutz, Christopher"]
[Black "Karpov, Anatoly"]
[Result "1/2-1/2"]
[WhiteElo "2550"]
[BlackElo "2715"]
[PlyCount "68"]
[EventDate "1992.12.??"]
[EventType "tourn"]
[EventRounds "11"]
[EventCountry "GER"]
[EventCategory "14"]
[SourceTitle "CBM 033"]
[Source "ChessBase"]
[SourceDate "1993.04.01"]
[SourceVersion "1"]
[SourceVersionDate "1993.04.01"]
[SourceQuality "1"]

1. d4 Nf6 2. c4 e6 3. Nc3 Bb4 4. Qc2 O-O 5. a3 Bxc3+ 6. Qxc3 b6 7. Bg5 Bb7 8. Nf3 d6 9. Nd2 h6 10. Bh4 Nbd7 11. e3 c5 12. dxc5 Nxc5 13. b4 $146 ({RR} 13. f3 d5 14. cxd5 Qxd5 15. Bc4 Qf5 16. O-O Rac8 17. e4 Qg6 18. Qe3 Ncd7 19. Rac1 Qh5 20. Bf2 Rfd8 21. Be2 Qg5 22. Rxc8 Rxc8 23. Nc4 Qxe3 24. Bxe3 Ne8 25. Rd1 Nb8 26. Kf2 Ba6 27. b3 Bxc4 {Markus,R (2443)-Csonka,A (2302) Hungary 2002 ½-½ (42)}) 13... Ncd7 14. f3 Re8 15. Qb2 Ne5 16. Be2 Ng6 17. Bg3 e5 18. O-O d5 19. Rfd1 Qe7 20. cxd5 Nxd5 21. Bf2 Rac8 22. Rac1 Rxc1 23. Rxc1 Rd8 24. Ne4 Bc8 25. Nc3 Nf6 26. e4 Be6 27. Rd1 Ne8 28. Rxd8 Qxd8 29. g3 Nd6 30. Qd2 Qc7 31. Nb5 Nxb5 32. Bxb5 Ne7 33. Bf1 Nc8 34. Be3 Nd6 1/2-1/2

[Event "Interpolis"]
[Site "Tilburg"]
[Date "1986.10.25"]
[Round "6"]
[White "Miles, Anthony John"]
[Black "Karpov, Anatoly"]
[Result "1/2-1/2"]
[WhiteElo "2570"]
[BlackElo "2705"]
[PlyCount "147"]
[EventDate "1986.10.19"]
[EventType "tourn"]
[EventRounds "14"]
[EventCountry "NED"]
[EventCategory "15"]
[SourceTitle "CBM 003"]
[Source "ChessBase"]
[SourceDate "1988.04.01"]
[SourceVersion "1"]
[SourceVersionDate "1988.04.01"]
[SourceQuality "1"]

1. d4 Nf6 2. c4 e6 3. Nc3 Bb4 4. Bg5 h6 5. Bh4 c5 6. d5 Bxc3+ 7. bxc3 d6 8. e3 Qe7 9. Bd3 Nbd7 10. Ne2 Ne5 ({RR} 10... e5 11. f4 g5 12. fxg5 Ng4 13. Ng3 Nxe3 14. Qf3 hxg5 15. Qxe3 gxh4 16. Nf5 Qf6 17. O-O Nf8 18. Ng3 Qh6 19. Qxh6 Rxh6 20. Nf5 Bxf5 21. Rxf5 Ke7 22. Raf1 f6 23. R5f2 Nd7 24. Rb2 Rb8 25. Rfb1 {Aleksandrov,D (2199)-Turov,M (2565) Tuapse 2021 0-1 (58)}) 11. Bxf6 $146 ({RR} 11. Bg3 Nxd3+ 12. Qxd3 e5 13. e4 Nh5 14. O-O O-O 15. f4 exf4 16. Nxf4 Nxg3 17. Qxg3 Qe5 18. Rae1 Bd7 19. Ne2 Rae8 20. Qxe5 Rxe5 21. Ng3 Rfe8 22. Rb1 Bc8 23. Rf4 g6 24. Rbf1 R8e7 25. Rf6 Rd7 {Ker,A (2410)-Small,V (2355) Dunedin 1988 ½-½ (47)}) ({RR} 11. f3 O-O 12. e4 b6 13. O-O Nxd3 14. Qxd3 e5 15. g4 Re8 16. a4 a5 17. Ra2 Bd7 18. Kh1 g5 19. Bf2 Nh7 20. Ng3 Nf8 21. Rb1 Rab8 22. Rab2 Qd8 23. Nf5 Bxf5 24. gxf5 Nd7 25. Qf1 Kg7 {Melkumyan,H (2633)-Parligras,M (2587) Konya 2015 0-1 (65)}) ({RR} 11. O-O O-O 12. e4 Nxd3 13. Bxf6 Qxf6 14. Qxd3 e5 15. f4 exf4 16. Rxf4 Qe5 17. Raf1 Bd7 18. Qf3 f6 19. g4 b5 20. h4 bxc4 21. g5 hxg5 22. hxg5 Qxg5+ 23. Kf2 f5 24. Rg1 Qh6 25. e5 dxe5 {Danilov,V (2409)-Grigorov,G (2460) Sunny Beach 2007 ½-½ (62)}) 11... Qxf6 12. O-O Qh4 13. Nf4 Nxd3 14. Qxd3 e5 15. Ne2 f5 16. f4 O-O 17. Ng3 e4 18. Qb1 Rb8 19. a4 Bd7 20. Rf2 Rf7 21. Rb2 Be8 22. Ra3 Qf6 23. h3 Re7 24. Rab3 Qf7 25. Kh2 Rc7 26. Qa2 Rd8 27. Rb1 Rdd7 28. a5 Qf6 29. R1b2 h5 30. Qb1 h4 31. Nh1 Qe7 32. g4 g6 33. Rg2 Kf8 34. Qe1 Qf6 35. Rbb2 Rh7 36. Rg1 Rcg7 37. Rbg2 Ba4 38. Rb2 Qd8 39. Qa1 Be8 40. Rbg2 Bd7 41. Nf2 Bc8 42. Nd1 Bd7 43. Rb2 Be8 44. g5 Rc7 45. Nf2 Qe7 46. Qa2 Qg7 47. Rb3 Qh8 48. Ra1 Rhe7 49. Qe2 Rc8 50. Nd1 Rec7 51. Nb2 Rb8 52. Rb1 Qh7 53. Ra1 Rcc8 54. Kg2 Kg8 55. Raa3 Qc7 56. Qe1 Qh7 57. Qe2 Bd7 58. Ra1 Kf8 59. Rb1 Ke7 60. Nd1 Rc7 61. Nb2 Qh8 62. Kh2 Rcc8 63. Nd1 Qd8 64. Qa2 Qc7 65. Ra3 Kf7 66. Qf2 Rh8 67. Qa2 Bc8 68. Qe2 Kg8 69. Nb2 Rh7 70. Nd1 Bd7 71. Qa2 Be8 72. Rab3 Qd8 73. Ra3 b6 74. a6 1/2-1/2